Gaming Quiz

Random Gaming or Minecraft Quiz

White Minecraft Mobs Quiz Stats

 Plays Quiz not verified by Sporcle

Score 0/8 Timer 10:00
0 Plays Today
Hint Answer % Correct
Drop eggsChicken
100%
Goes baaa!Sheep
100%
A white bearPolar Bear
96.2%
A horse made out of bonesSkeleton Horse
88.5%
Very sadGhast
84.6%
A tameable mob that can be used as transportationHorse
73.1%
A tough defenderIron Golem
57.7%
Can jump and run really fastRabbit
53.8%

You're not logged in!

Compare scores with friends on all Sporcle quizzes.
OR
Log In

Sporcle TV

Today on Sporcle TV


Watch our educational content, quiz creation guides, and fun videos on Sporcle TV.

Show Comments

Extras

Created Aug 31, 2017ReportNominate
Tags:Minecraft Quiz, mob, skin, white

Top Quizzes Today


Score Distribution

Your Account Isn't Verified!

In order to create a playlist on Sporcle, you need to verify the email address you used during registration. Go to your Sporcle Settings to finish the process.

Report this User

Report this user for behavior that violates our Community Guidelines.

Details: